The Ownership and Management of Housing in the New Towns (Record no. 5291)

000 -LEADER
fixed length control field 00304nam a2200109Ia 4500
008 - FIXED-LENGTH DATA ELEMENTS--GENERAL INFORMATION
fixed length control field 200302s9999 xx 000 0 und d
100 ## - MAIN ENTRY--PERSONAL NAME
Personal name A. Karn & Other
245 ## - TITLE STATEMENT
Title The Ownership and Management of Housing in the New Towns
260 ## - PUBLICATION, DISTRIBUTION, ETC.
Name of publisher, distributor, etc. Her Majesty's Stationery Office
260 ## - PUBLICATION, DISTRIBUTION, ETC.
Date of publication, distribution, etc. 1969
300 ## - PHYSICAL DESCRIPTION
Extent 198 P.,
Holdings
Withdrawn status Lost status Source of classification or shelving scheme Damaged status Not for loan Permanent Location Current Location Date acquired Cost, normal purchase price Full call number Barcode Date last seen Price effective from Koha item type Public note
          BMS College of Architecture, Design and Planning BMS College of Architecture, Design and Planning 2020-03-03 557.00 301.54 CL-PG21467 2020-03-03 2020-03-03 PG Books from CL S-12
Copyright © 2025, The Librarian, Library and Information Centre, BMSCA D&P, Bengaluru. All Rights Reserved
web counter

Powered by Koha